000 01723nam a2200421 a 4500
999 _c2721
_d2721
001 017156574
003 UkOxU
005 20230815105231.0
008 080320r20081999enka j b 001 0 eng
015 _aGBA871038
_2bnb
020 _a9780750255646 (pbk.)
020 _a0750255641 (pbk.)
035 _a(IeDuTC)b15103743
035 _a(UkLCURL)08b15103743
038 _aUk
040 _aStDuBDS
_beng
_cStDuBDS
_dIeDuTC
_dKH8
042 _aukscp
049 _lb
082 0 4 _a941.084 CHI
100 1 _aChilds, Alan,
_d1942-
_eauthor.
240 1 0 _aDay in the life of a World War II evacuee
245 1 4 _aThe daily life of a World War II evacuee /
_cAlan Childs ; illustrated by Adam Hook.
246 3 _aWorld War II evacuee
260 _aLondon :
_bWayland,
_c2008.
300 _a32 p. :
_bill. (some col.) ;
_c27 cm.
490 1 _aThe daily life of ...
500 _aOriginally published as : A day in the life of a World War II evacuee, 1999.
504 _aIncludes bibliographical references and index.
650 0 _aWorld War, 1939-1945
_xEvacuation of civilians
_zGreat Britain
_vJuvenile literature.
650 0 _aWorld War, 1939-1945
_xEvacuation of civilians
_zGreat Britain
_vJuvenile literature
_vPictorial works.
650 0 _aWorld War, 1939-1945
_xSocial aspects
_zGreat Britain
_vJuvenile literature.
650 0 _aWorld War, 1939-1945
_xSocial aspects
_zGreat Britain
_vJuvenile literature
_vPictorial works.
651 0 _aGreat Britain
_xSocial life and customs
_y1918-1945
_vJuvenile literature.
651 0 _aGreat Britain
_xSocial life and customs
_y1918-1945
_vJuvenile literature
_vPictorial works.
700 1 _aHook, Adam.
830 0 _aDaily life of ... (Wayland (Firm))
942 _2ddc
_cTR